000 00847nam a2200313Ia 4500
001 Z_3379
003 CHAP
008 220113s1979 xx 000 0 und d
010 _a166494
020 _a968-13-0893-X
040 _cCHAP
082 _a823 C37 A45
100 _aCarroll, Lewis 1832-1898
_9140568
245 _aAlicia en el país de las maravillas /
_c Lewis Carroll; ilustraciones John Tenniel; traduccion Luz María Ojeda Flon
250 _a10a ed.
260 _aMéxico :
_bDiana,
_c1979
300 _a144 p.
503 _aej.1: C/E
650 _aCuentos ingleses
_9140569
650 _aLiteratura inglesa
_967134
700 _a Ojeda Flon, Luz María, tr.
_9140570
700 _aTenniel, John, il.
_9140571
901 _a823 C37 A45
902 _aM
910 _a1979
942 _c1
942 _cc1
999 _c166494
_d166494